[Event "Olomouc Chess Summer 2017 - IM 2"]
[Site "Olomouc (CZE)"]
[Date "2017.08.13"]
[Round "3.5"]
[White "Pranav, Anand"]
[Black "Leeb, Simon"]
[Result "0-1"]
[WhiteElo "2155"]
[BlackElo "2207"]
[PlyCount "68"]
[EventDate "2017.??.??"]

1. d4 d5 2. c4 c6 3. Nf3 Nf6 4. e3 g6 5. Bd3 Bg7 6. O-O O-O 7. Nbd2 Nbd7 8. b3
Qc7 9. Bb2 e5 10. cxd5 Nxd5 11. Rc1 exd4 12. Nxd4 Ne5 13. Be2 Rd8 14. Nc4 Qe7
15. Nxe5 Bxe5 16. Qc2 h5 17. a3 Bg4 18. Bxg4 hxg4 19. g3 Nf6 20. Rfd1 Rd5 21.
b4 Rad8 22. Kg2 Nh7 23. Qb1 Ng5 24. Qc2 Qf6 25. Qe2 Bxd4 26. Rxd4 Rxd4 27. Bxd4
Qf5 28. Qc2 Qf3+ 29. Kf1 Rd5 30. Ke1 Ne4 31. Qe2 Qh1+ 32. Qf1 Qxh2 33. Rc2 Rf5
34. Re2 Nxg3 0-1

[Event "Olomouc Chess Summer 2017 - open"]
[Site "Olomouc (CZE)"]
[Date "2017.08.13"]
[Round "3.1"]
[White "Jayaram, R."]
[Black "Nasanjargal, Urtnasan"]
[Result "0-1"]
[WhiteElo "2021"]
[BlackElo "2419"]
[PlyCount "102"]
[EventDate "2017.??.??"]

1. d4 Nf6 2. c4 g6 3. Nc3 Bg7 4. e4 d6 5. Nf3 O-O 6. Be2 e5 7. O-O Nc6 8. Be3
Ng4 9. Bg5 f6 10. Bc1 exd4 11. Nxd4 Nxd4 12. Qxd4 Be6 13. Bxg4 f5 14. Qd3 fxg4
15. Be3 Be5 16. Rac1 h5 17. Rc2 Rf7 18. f4 gxf3 19. Rxf3 Qh4 20. g3 Qg4 21.
Rxf7 Bxf7 22. Bd4 Qg5 23. Be3 Qg4 24. Bd4 c6 25. Nd1 Qg5 26. Be3 Qe7 27. b3 a6
28. Nf2 Be6 29. Bd4 Qg5 30. Qe3 Qxe3 31. Bxe3 Re8 32. Nd3 Bf6 33. Bf4 Be7 34.
h4 Bf8 35. Rd2 b5 36. cxb5 axb5 37. Nb4 d5 38. Nxc6 Bc5+ 39. Nd4 dxe4 40. Kg2
Bg4 41. Be3 b4 42. Rc2 Bxd4 43. Bxd4 e3 44. Rc1 e2 45. Re1 Rc8 46. Bb6 Kf7 47.
Be3 Rc2 48. Bf2 Ke6 49. Ra1 Rd2 50. Rg1 Rxa2 51. Re1 Rb2 0-1

[Event "Olomouc Chess Summer 2017 - open"]
[Site "Olomouc (CZE)"]
[Date "2017.08.13"]
[Round "3.2"]
[White "Hoerr, Matthias"]
[Black "Dolansky, Lukas"]
[Result "1-0"]
[WhiteElo "2196"]
[BlackElo "2024"]
[PlyCount "78"]
[EventDate "2017.??.??"]

1. e4 e5 2. Nc3 Nc6 3. Bc4 Nf6 4. d3 Bc5 5. Bg5 h6 6. Bh4 d6 7. Nd5 g5 8. Bg3
Nxd5 9. Bxd5 Ne7 10. Bb3 Ng6 11. Ne2 h5 12. f3 h4 13. Bf2 Bxf2+ 14. Kxf2 g4 15.
Nc3 c6 16. fxg4 Qf6+ 17. Qf3 Qg7 18. h3 Bd7 19. Rhf1 Ke7 20. Kg1 Raf8 21. Nd1
Nf4 22. Ne3 Qf6 23. Nf5+ Kd8 24. Rad1 Kc7 25. Rfe1 Bxf5 26. exf5 Qg7 27. a4 f6
28. a5 Qg5 29. c4 Rc8 30. Ba2 Rhe8 31. b4 Red8 32. d4 Kb8 33. Rb1 Rd7 34. Bb3
a6 35. Ba2 Rcd8 36. b5 cxb5 37. cxb5 axb5 38. Rxb5 Rc8 39. Reb1 Rcc7 1-0

[Event "Olomouc Chess Summer 2017 - open"]
[Site "Olomouc (CZE)"]
[Date "2017.08.13"]
[Round "3.3"]
[White "Musil, Vitezslav"]
[Black "Steiner, Bruno"]
[Result "1-0"]
[WhiteElo "1963"]
[BlackElo "2185"]
[PlyCount "65"]
[EventDate "2017.??.??"]

1. Nf3 d5 2. c4 e6 3. g3 Nf6 4. Bg2 dxc4 5. Qa4+ c6 6. Qxc4 b5 7. Qc2 Bb7 8.
O-O Bd6 9. d4 O-O 10. e4 Be7 11. Bg5 Nbd7 12. Nc3 Rc8 13. e5 Ne8 14. Bxe7 Qxe7
15. Ne4 c5 16. Neg5 g6 17. Qd2 h6 18. Nh3 g5 19. Rfe1 g4 20. Qxh6 gxf3 21. Ng5
f6 22. Bh3 fxg5 23. Bxe6+ Rf7 24. Qg6+ Ng7 25. Bxd7 Rcf8 26. Bxb5 Bd5 27. Bd3
Rf5 28. g4 Bf7 29. Qh6 Qd7 30. gxf5 Qxd4 31. Be4 Nxf5 32. Bxf5 Rd8 33. Bh7+ 1-0

[Event "Olomouc Chess Summer 2017 - open"]
[Site "Olomouc (CZE)"]
[Date "2017.08.13"]
[Round "3.4"]
[White "Baasansuren, Erdene"]
[Black "Benes, Miroslav"]
[Result "1-0"]
[WhiteElo "2169"]
[BlackElo "2015"]
[PlyCount "79"]
[EventDate "2017.??.??"]

1. d4 g6 2. c4 Bg7 3. Nf3 f5 4. g3 Nf6 5. Bg2 O-O 6. O-O d6 7. Nc3 Nc6 8. d5
Ne5 9. Nd2 a6 10. b4 a5 11. bxa5 Ne4 12. Ndxe4 fxe4 13. Qb3 Bf5 14. Bd2 Nd7 15.
Be3 Rxa5 16. Rab1 b6 17. Bxe4 Qa8 18. Bxf5 gxf5 19. Nb5 Qc8 20. Qc2 Nc5 21.
Rfd1 e5 22. dxe6 Nxe6 23. Nd4 Nxd4 24. Bxd4 Qd7 25. e3 Rfa8 26. Bxg7 Kxg7 27.
Rb2 Kg8 28. Rd4 Rc5 29. Qd3 Rca5 30. Rb5 Rxb5 31. cxb5 Rxa2 32. Rf4 Ra1+ 33.
Kg2 Rc1 34. Rxf5 Rc5 35. Qb3+ Kg7 36. Qb2+ Kg8 37. Qa2+ Kg7 38. Qa1+ Kg8 39.
Qa8+ Kg7 40. Qf8+ 1-0

[Event "Olomouc Chess Summer 2017 - open"]
[Site "Olomouc (CZE)"]
[Date "2017.08.13"]
[Round "3.5"]
[White "Kalinowska, Zuzanna"]
[Black "Kula, Dominik"]
[Result "0-1"]
[WhiteElo "1896"]
[BlackElo "2153"]
[PlyCount "52"]
[EventDate "2017.??.??"]

1. d4 f5 2. Nf3 Nf6 3. g3 g6 4. Bg2 Bg7 5. O-O O-O 6. c4 d6 7. Nc3 Qe8 8. b3 e5
9. dxe5 dxe5 10. e4 Nc6 11. Be3 f4 12. Bc5 Rf7 13. Qe1 Bg4 14. Ng5 Rd7 15. h3
h6 16. Nf3 Bxf3 17. Bxf3 b6 18. Ba3 Nd4 19. Bd1 c6 20. gxf4 exf4 21. e5 Nh7 22.
Bg4 Ng5 23. Bxd7 Ngf3+ 24. Kh1 Qxd7 25. e6 Nxe6 26. Qd1 Ned4 0-1

[Event "Olomouc Chess Summer 2017 - open"]
[Site "Olomouc (CZE)"]
[Date "2017.08.13"]
[Round "3.6"]
[White "Zdrazil, Jan"]
[Black "Lushnikov, Evgeny"]
[Result "0-1"]
[WhiteElo "1892"]
[BlackElo "2121"]
[PlyCount "106"]
[EventDate "2017.??.??"]

1. e4 c5 2. Nf3 Nc6 3. d4 cxd4 4. Nxd4 Nf6 5. Nc3 e5 6. Ndb5 d6 7. Bg5 a6 8.
Na3 b5 9. Nd5 Be7 10. Bxf6 Bxf6 11. c3 Bg5 12. Nc2 O-O 13. h4 Bh6 14. a4 bxa4
15. Rxa4 Nb8 16. b4 Bb7 17. Bd3 Bxd5 18. exd5 e4 19. Be2 Nd7 20. Rxa6 Rxa6 21.
Bxa6 Re8 22. Rh3 Re5 23. Bb5 e3 24. fxe3 Nf6 25. c4 Qe7 26. Bc6 Bxe3 27. Rxe3
Rxe3+ 28. Nxe3 Qxe3+ 29. Qe2 Qc3+ 30. Kf1 Qxb4 31. Qc2 Ng4 32. Qe4 Qxc4+ 33.
Qxc4 Ne3+ 34. Ke2 Nxc4 35. Kf3 Kf8 36. Ke4 Ke7 37. Bb5 Ne5 38. Be2 g6 39. g4 f6
40. Kf4 Nf7 41. Bd3 Kf8 42. Bc2 Ne5 43. Bd1 Kf7 44. Be2 Nd7 45. Bb5 Nb6 46. Ke4
Ke7 47. Bd3 Nd7 48. Kf4 Ne5 49. Be2 Kd7 50. Bd1 Kc7 51. Ke4 Kb6 52. Kd4 h6 53.
Bc2 Nf3+ 0-1

[Event "Olomouc Chess Summer 2017 - open"]
[Site "Olomouc (CZE)"]
[Date "2017.08.13"]
[Round "3.7"]
[White "Trevelyan, John"]
[Black "Yanjinlkham, Bayarsaikhan"]
[Result "0-1"]
[WhiteElo "2047"]
[BlackElo "1988"]
[PlyCount "134"]
[EventDate "2017.??.??"]

1. d4 d5 2. Nf3 c6 3. c4 Nf6 4. cxd5 cxd5 5. Nc3 Nc6 6. Bf4 a6 7. e3 Bg4 8. h3
Bxf3 9. Qxf3 e6 10. Bd3 Bd6 11. O-O O-O 12. Rac1 Rc8 13. Bxd6 Qxd6 14. Qe2 b5
15. Bb1 Nd7 16. Qd3 f5 17. Ne2 Nb6 18. b3 Rc7 19. Qd2 Rfc8 20. Nf4 Nd7 21. Nd3
b4 22. Nc5 a5 23. Na6 Ra7 24. Qe2 Rca8 25. Nc5 Nxc5 26. Rxc5 a4 27. Rfc1 Ne7
28. bxa4 Rxa4 29. Qb5 h6 30. Rc7 b3 31. Qb7 Qa3 32. Qxb3 Qxb3 33. axb3 R4a7 34.
Bd3 Kf7 35. Rxa7 Rxa7 36. Kf1 Rb7 37. Rc3 Ke8 38. Ke2 Kd7 39. Kd2 Kd6 40. Kc1
g5 41. Kb2 Nc6 42. Rc5 f4 43. Bb5 Ne7 44. Bd3 e5 45. Rb5 Rxb5 46. Bxb5 fxe3 47.
fxe3 Nf5 48. dxe5+ Kxe5 49. Be2 Nxe3 50. Bf3 Kd4 51. Ka3 Kc3 52. Ka4 d4 53. b4
d3 54. Ka5 Nc4+ 55. Kb5 Ne5 56. Bd1 d2 57. Kc5 Nd3+ 58. Kd5 Nxb4+ 59. Ke6 Kd4
60. Kf5 Nd5 61. Kg6 Ne3 62. Bf3 Ke5 63. g3 d1=Q 64. Bxd1 Nxd1 65. Kxh6 Kf6 66.
Kh7 Nf2 67. h4 g4 0-1

[Event "Olomouc Chess Summer 2017 - open"]
[Site "Olomouc (CZE)"]
[Date "2017.08.13"]
[Round "3.8"]
[White "Stigar, Petter"]
[Black "Gombocz, Ferenc Jr"]
[Result "1/2-1/2"]
[WhiteElo "2236"]
[BlackElo "1894"]
[PlyCount "102"]
[EventDate "2017.??.??"]

1. d4 d5 2. Bf4 Nf6 3. e3 c5 4. c3 Nc6 5. Nd2 Bf5 6. Ngf3 e6 7. Qb3 Qc8 8. Nh4
Bg6 9. Nxg6 hxg6 10. h3 c4 11. Qc2 Be7 12. Be2 b5 13. e4 b4 14. Bf3 Qa6 15. O-O
O-O 16. Rfe1 Rfe8 17. Nf1 dxe4 18. Bxe4 Nxe4 19. Qxe4 bxc3 20. bxc3 Ba3 21.
Rab1 Rac8 22. Ne3 Bf8 23. Re2 Ne7 24. Qb7 Qa5 25. Qb2 Nd5 26. Nxd5 exd5 27.
Rbe1 Rxe2 28. Rxe2 Qa6 29. Qd2 Bd6 30. Bxd6 Qxd6 31. Qe1 Kf8 32. g3 Qd7 33. Kg2
Re8 34. Rxe8+ Qxe8 35. Qxe8+ Kxe8 36. Kf3 Ke7 37. h4 f6 38. Ke3 Kd6 39. Kd2 Ke6
40. Ke3 Kd6 41. g4 Ke7 42. f4 f5 43. g5 Kd6 44. Kd2 Kc6 45. Kc2 Kb5 46. Kb2 Ka4
47. a3 a6 48. Ka2 Kb5 49. Kb2 Ka4 50. Ka2 Kb5 51. Kb2 Ka4 1/2-1/2

[Event "Olomouc Chess Summer 2017 - open"]
[Site "Olomouc (CZE)"]
[Date "2017.08.13"]
[Round "3"]
[White "Brown, Thomas"]
[Black "Dvorak, Martin"]
[Result "0-1"]
[WhiteElo "2025"]
[BlackElo "2197"]
[PlyCount "74"]
[EventDate "2017.??.??"]

1. d4 d5 2. c4 c6 3. Nc3 Nf6 4. e3 e6 5. Nf3 Nbd7 6. Bd3 dxc4 7. Bxc4 b5 8. Be2
a6 9. e4 c5 10. e5 cxd4 11. Qxd4 Bc5 12. Qh4 Nd5 13. Qg3 Bf8 14. O-O Bb7 15.
Bg5 Nxc3 16. bxc3 Qc7 17. a4 bxa4 18. Rxa4 Nc5 19. Rc4 Bd5 20. Nd2 Bxc4 21.
Bxc4 Nd7 22. Ra1 g6 23. Qf3 Rb8 24. Bxa6 Bg7 25. Bf6 Nxe5 26. Bxg7 Nxf3+ 27.
Nxf3 Ke7 28. g4 Qf4 29. Be2 Rhd8 30. g5 Ke8 31. Nd4 Qxg5+ 32. Kh1 Rd7 33. Bf3
f6 34. Bc6 Kf7 35. Bxd7 Qd5+ 36. Kg1 Qxd7 37. Bh6 g5 0-1

[Event "Olomouc Chess Summer 2017 - open"]
[Site "Olomouc (CZE)"]
[Date "2017.08.13"]
[Round "3"]
[White "Zakoucka, Adela"]
[Black "Zvolanek, Libor"]
[Result "1-0"]
[WhiteElo "2009"]
[BlackElo "2167"]
[PlyCount "79"]
[EventDate "2017.??.??"]

1. e4 d6 2. d4 Nf6 3. Nc3 g6 4. Bc4 Bg7 5. f3 O-O 6. Be3 c6 7. a4 d5 8. Bb3
dxe4 9. Nxe4 Nd5 10. Bc1 Nf6 11. Nxf6+ Bxf6 12. Ne2 c5 13. d5 Nd7 14. O-O Qc7
15. c4 Rd8 16. Nc3 Bd4+ 17. Kh1 a6 18. Qe2 Qb6 19. Bc2 Ne5 20. a5 Qf6 21. Ne4
Qg7 22. Rb1 h6 23. b3 f5 24. Nf2 Rd6 25. Nd3 Nxd3 26. Bxd3 e5 27. Ba3 b6 28. b4
Rf6 29. axb6 cxb4 30. Bxb4 a5 31. Ba3 Rxb6 32. Rxb6 Bxb6 33. c5 Bd8 34. c6 Bb6
35. d6 Be6 36. Rb1 e4 37. fxe4 Qd4 38. exf5 Bd5 39. d7 Bxc6 40. Qe6+ 1-0

[Event "Olomouc Chess Summer 2017 - open"]
[Site "Olomouc (CZE)"]
[Date "2017.08.13"]
[Round "3"]
[White "Leite Oralova, Catarina"]
[Black "Izquierdo Arruferia, Joseba"]
[Result "1-0"]
[WhiteElo "2164"]
[BlackElo "1912"]
[PlyCount "117"]
[EventDate "2017.??.??"]

1. e4 e6 2. d3 d5 3. Nd2 Nf6 4. Ngf3 Nc6 5. c3 dxe4 6. dxe4 e5 7. Bb5 Bd6 8.
Qe2 Bd7 9. O-O a6 10. Ba4 b5 11. Bc2 O-O 12. Rd1 Qe7 13. Nf1 Bc5 14. Bg5 Be6
15. b4 Bb6 16. a4 Bc4 17. Bd3 Bxd3 18. Rxd3 bxa4 19. Rxa4 a5 20. b5 Nb8 21. Nh4
Qe6 22. Rg3 Kh8 23. Nf5 g6 24. N5e3 Nbd7 25. Rf3 Kg8 26. Nc4 Nh5 27. Ra1 Qg4
28. Bh6 Rfe8 29. h3 Qe6 30. Nfe3 Ndf6 31. Nd2 Rad8 32. c4 Bxe3 33. Qxe3 Qb6 34.
g4 Qxe3 35. Bxe3 Nf4 36. Rxa5 g5 37. Ra7 Rc8 38. c5 Red8 39. Kh2 Ne8 40. Nf1
Rb8 41. Ra5 Rd1 42. Nd2 f6 43. Nc4 Ne2 44. b6 cxb6 45. cxb6 Nd4 46. Rg3 Ne2 47.
Rg2 Nd6 48. Nxd6 Rxd6 49. Bc5 Rd3 50. Ra7 Nd4 51. Rg3 Rxg3 52. Kxg3 Ne6 53. Be3
Nd4 54. Bxd4 exd4 55. b7 Kf7 56. Kf3 Ke6 57. Ke2 Ke5 58. Kd3 h6 59. Ra5+ 1-0

[Event "Olomouc Chess Summer 2017 - open"]
[Site "Olomouc (CZE)"]
[Date "2017.08.13"]
[Round "3"]
[White "Schmid, Thomas"]
[Black "Fischer, Erik"]
[Result "1-0"]
[WhiteElo "2127"]
[BlackElo "1937"]
[PlyCount "93"]
[EventDate "2017.??.??"]

1. e4 c6 2. Nc3 d5 3. Nf3 dxe4 4. Nxe4 Bg4 5. h3 Bxf3 6. Qxf3 Nd7 7. d4 Ngf6 8.
Bc4 e6 9. O-O Be7 10. Rd1 O-O 11. Bf4 Nxe4 12. Qxe4 Nf6 13. Qf3 Nd5 14. Be5 Bd6
15. Bd3 Bxe5 16. dxe5 Qg5 17. Qe4 g6 18. h4 Qf4 19. g3 Qxe4 20. Bxe4 Rfd8 21.
Rd4 Kf8 22. c3 Ke7 23. Rad1 Nc7 24. Kf1 Nb5 25. R4d3 Rxd3 26. Bxd3 Rd8 27. Ke2
Nc7 28. h5 c5 29. Rh1 Rd5 30. f4 Rd8 31. hxg6 hxg6 32. Bxg6 Rg8 33. Be4 Rxg3
34. Bxb7 Nd5 35. Bxd5 exd5 36. Rh6 Rg2+ 37. Kd3 Rxb2 38. Ra6 Rb6 39. Rxa7+ Ke6
40. a4 f6 41. a5 Rc6 42. exf6 Kxf6 43. Rh7 Rc8 44. a6 d4 45. a7 dxc3 46. Kxc3
Kf5 47. Rb7 1-0

[Event "Olomouc Chess Summer 2017 - open"]
[Site "Olomouc (CZE)"]
[Date "2017.08.13"]
[Round "3"]
[White "Fogel, Pierre"]
[Black "Szotkowski, David"]
[Result "1/2-1/2"]
[WhiteElo "2106"]
[BlackElo "1883"]
[PlyCount "55"]
[EventDate "2017.??.??"]

1. c4 c5 2. Nc3 g6 3. g3 Bg7 4. Bg2 Nf6 5. Nf3 O-O 6. O-O d6 7. d4 Nc6 8. dxc5
dxc5 9. Be3 Be6 10. Bxc5 Bxc4 11. Qa4 Be6 12. Rfd1 Qc8 13. Qa3 Re8 14. Rac1 Bh3
15. Bh1 Qc7 16. Nb5 Qc8 17. Nbd4 e5 18. Nxc6 bxc6 19. Qa4 Nd5 20. Ba3 Bd7 21.
Nd2 Nb6 22. Qc2 Nd5 23. Ne4 Qd8 24. Nc5 Bh6 25. Ra1 Bh3 26. Bg2 Bxg2 27. Kxg2
Qf6 28. Qe4 1/2-1/2

[Event "Olomouc Chess Summer 2017 - open"]
[Site "Olomouc (CZE)"]
[Date "2017.08.13"]
[Round "3"]
[White "Pawlak, Wojciech Zbigniew"]
[Black "Valenta, Vit"]
[Result "0-1"]
[WhiteElo "1708"]
[BlackElo "2086"]
[PlyCount "56"]
[EventDate "2017.??.??"]

1. c4 e5 2. g3 g6 3. Bg2 Bg7 4. Nc3 f5 5. d3 Nc6 6. f4 d6 7. e4 exf4 8. Bxf4
fxe4 9. Bxe4 Nf6 10. Bxc6+ bxc6 11. Nf3 O-O 12. O-O Bg4 13. Qd2 Qd7 14. Rae1
Nh5 15. Ng5 Nxf4 16. gxf4 h6 17. Nge4 d5 18. cxd5 cxd5 19. Ng3 Bh3 20. Rf3 Bd4+
21. Kh1 Qg4 22. Qd1 Rae8 23. Rxe8 Rxe8 24. Rf1 Qe6 25. Nb5 Bxf1 26. Nxd4 Qe1
27. Qxe1 Rxe1 28. Nxf1 Rxf1+ 0-1

[Event "Olomouc Chess Summer 2017 - open"]
[Site "Olomouc (CZE)"]
[Date "2017.08.13"]
[Round "3"]
[White "Spice, Alan"]
[Black "Sadzikowski, Marian"]
[Result "1/2-1/2"]
[WhiteElo "2070"]
[BlackElo "1898"]
[PlyCount "79"]
[EventDate "2017.??.??"]

1. Nc3 e6 2. e4 b6 3. a4 Bb7 4. a5 bxa5 5. Rxa5 Nc6 6. Ra1 Bc5 7. Nf3 Nd4 8.
Ba6 Bc6 9. O-O Qf6 10. Nxd4 Bxd4 11. Qe2 Nh6 12. Nd1 Qg6 13. d3 f5 14. Be3 fxe4
15. dxe4 Qxe4 16. f3 Bxe3+ 17. Qxe3 Qxe3+ 18. Nxe3 O-O 19. Nc4 d6 20. Rfe1 Bd7
21. Bb7 Rab8 22. Rxa7 d5 23. Ne5 Bc8 24. Bxc8 Rbxc8 25. b4 Nf5 26. c3 Nd6 27.
Nc6 Rfe8 28. Ra5 Kf7 29. Ne5+ Kf6 30. Rc5 Re7 31. Nc6 Rd7 32. Nd4 Re7 33. Kf2
Ra8 34. h4 Ra3 35. g4 Nb7 36. Rc6 Nd8 37. Rc5 Nb7 38. Rc6 Nd8 39. Rc5 Nb7 40.
Rc6 1/2-1/2

[Event "Olomouc Chess Summer 2017 - seniors"]
[Site "Olomouc (CZE)"]
[Date "2017.08.13"]
[Round "3"]
[White "Trojan, Lubos"]
[Black "Spanton, Tim R"]
[Result "1-0"]
[WhiteElo "1989"]
[BlackElo "1836"]
[PlyCount "79"]
[EventDate "2017.??.??"]

1. d4 d5 2. Nf3 Nc6 3. Bf4 Bg4 4. Nbd2 e6 5. h3 Bh5 6. c3 Bd6 7. Bxd6 cxd6 8.
Qb3 Nge7 9. e3 O-O 10. Be2 Qd7 11. g4 Bg6 12. Nh4 f5 13. f4 a6 14. Nxg6 Nxg6
15. gxf5 Rxf5 16. Bg4 Rf7 17. Nf3 Na5 18. Qc2 Nc4 19. Qg2 Raf8 20. b3 Na3 21.
O-O Qe7 22. Rae1 Nb5 23. Ng5 Rf6 24. Rc1 h6 25. Nf3 Nc7 26. Qg3 Qd8 27. c4 dxc4
28. bxc4 b5 29. Nd2 bxc4 30. Rxc4 Nd5 31. Ne4 e5 32. Nxf6+ Qxf6 33. dxe5 dxe5
34. f5 Nh4 35. Rc5 Ne7 36. Qxe5 Qg5 37. Qf4 Qf6 38. Qe4 Nexf5 39. Rcxf5 Nxf5
40. Qxf5 1-0

[Event "Olomouc Chess Summer 2017 - seniors"]
[Site "Olomouc (CZE)"]
[Date "2017.08.13"]
[Round "3"]
[White "Skielnik, Joseph J"]
[Black "Stokes, Paul C"]
[Result "1/2-1/2"]
[WhiteElo "1849"]
[BlackElo "1871"]
[PlyCount "26"]
[EventDate "2017.??.??"]

1. d4 Nf6 2. Bf4 e6 3. e3 c5 4. c3 b6 5. Nf3 Bb7 6. Nbd2 cxd4 7. exd4 Be7 8. h3
O-O 9. Bd3 d6 10. Qe2 Nbd7 11. O-O Re8 12. Ba6 Qc7 13. Bxb7 Qxb7 1/2-1/2

[Event "Olomouc Chess Summer 2017 - seniors"]
[Site "Olomouc (CZE)"]
[Date "2017.08.13"]
[Round "3"]
[White "Zdrazil, Bohumir"]
[Black "Vlkovic, Pavol"]
[Result "1-0"]
[WhiteElo "1869"]
[BlackElo "1806"]
[PlyCount "53"]
[EventDate "2017.??.??"]

1. Nf3 d6 2. d4 Nd7 3. g3 c6 4. Bg2 e5 5. e4 Ngf6 6. Nbd2 b5 7. O-O Qc7 8. Re1
Be7 9. c4 a6 10. b3 Nf8 11. Bb2 Ng6 12. Rc1 b4 13. c5 O-O 14. cxd6 Bxd6 15. Nc4
Rd8 16. Qc2 Bf8 17. Ncxe5 Bb7 18. Nxc6 Rac8 19. d5 Nxd5 20. exd5 Rxd5 21. Nfd4
Rc5 22. Qe4 Re5 23. Qd3 Rxe1+ 24. Rxe1 Bc5 25. Rc1 Qb6 26. Qc4 Bxd4 27. Bxd4
1-0

[Event "Olomouc Chess Summer 2017 - seniors"]
[Site "Olomouc (CZE)"]
[Date "2017.08.13"]
[Round "3"]
[White "Vagovsky, Jozef"]
[Black "Heppell, Ian N"]
[Result "0-1"]
[WhiteElo "1819"]
[BlackElo "2062"]
[PlyCount "62"]
[EventDate "2017.??.??"]

1. Nf3 d6 2. d4 f5 3. Bf4 Nf6 4. e3 g6 5. Bc4 Bg7 6. O-O e6 7. Ng5 Qe7 8. Nf3
O-O 9. Nbd2 Nc6 10. c3 Kh8 11. Bb5 e5 12. Bg5 e4 13. Ne1 Bd7 14. Nc2 Nd8 15.
Bc4 c6 16. d5 c5 17. f4 exf3 18. Nxf3 Nf7 19. Bxf6 Bxf6 20. Re1 Ne5 21. Bf1
Rae8 22. Nxe5 Bxe5 23. Qd2 Qg5 24. Rad1 h5 25. Re2 f4 26. exf4 Bxf4 27. Qe1
Rxe2 28. Bxe2 Re8 29. Qf1 Qe5 30. Bf3 Bxh2+ 31. Kh1 Bg3 0-1

[Event "Olomouc Chess Summer 2017 - seniors"]
[Site "Olomouc (CZE)"]
[Date "2017.08.13"]
[Round "3"]
[White "Kasparek, Jiri"]
[Black "Pokora, Lubomir"]
[Result "0-1"]
[WhiteElo "1774"]
[BlackElo "1901"]
[PlyCount "50"]
[EventDate "2017.??.??"]

1. c4 e5 2. Nc3 Nc6 3. Nf3 d6 4. g3 g6 5. Bg2 Bg7 6. O-O f5 7. e3 Nf6 8. Qb3 e4
9. Ne1 Ne5 10. f4 exf3 11. Nxf3 Nxf3+ 12. Bxf3 c6 13. d4 O-O 14. Bd2 Re8 15.
Rad1 Kh8 16. Bc1 Qc7 17. Rfe1 Be6 18. e4 fxe4 19. Nxe4 Nxe4 20. Bxe4 Bg4 21.
Bf4 Bxd1 22. Qxd1 Qb6 23. c5 dxc5 24. dxc5 Qxc5+ 25. Be3 Qb4 0-1

[Event "Olomouc Chess Summer 2017 - GM"]
[Site "Olomouc (CZE)"]
[Date "2017.08.14"]
[Round "4.1"]
[White "Camarena Gimenez 2363, Rufino"]
[Black "Vokac 2416, Marek"]
[Result "1-0"]
[WhiteElo "2363"]
[BlackElo "2416"]
[PlyCount "87"]
[EventDate "2017.??.??"]

1. d4 g6 2. c4 Bg7 3. e4 d6 4. Nc3 Nf6 5. Nf3 O-O 6. Be2 e5 7. d5 a5 8. Bg5 h6
9. Bh4 Na6 10. Nd2 h5 11. Bg5 Qe8 12. O-O Nh7 13. Be3 Bf6 14. a3 Bg5 15. Bxg5
Nxg5 16. b4 Bd7 17. Qb3 Qe7 18. Rfd1 Kg7 19. c5 f5 20. exf5 Bxf5 21. Bxa6 bxa6
22. Nc4 h4 23. Re1 Bd3 24. Nd1 Be4 25. Nd2 Rf4 26. Nxe4 Nxe4 27. Qc4 Nxf2 28.
Qxf4 Nd3 29. Qd2 Nxe1 30. Qxe1 dxc5 31. bxa5 c4 32. Qe3 Rb8 33. Nf2 Rb3 34. Qe4
c3 35. h3 Qc5 36. Qxe5+ Kh7 37. Qe4 c2 38. Rc1 Rc3 39. Qxh4+ Kg7 40. Qe4 Rc4
41. Qe2 Qxa3 42. Rxc2 Rxc2 43. Qxc2 Qxa5 44. Ng4 1-0

[Event "Olomouc Chess Summer 2017 - GM"]
[Site "Olomouc (CZE)"]
[Date "2017.08.14"]
[Round "4.2"]
[White "Koksal 2360, Ege"]
[Black "Torma 2492, Robert"]
[Result "1/2-1/2"]
[WhiteElo "2360"]
[BlackElo "2492"]
[PlyCount "64"]
[EventDate "2017.??.??"]

1. d4 d5 2. c4 e6 3. Nc3 c6 4. e4 dxe4 5. Nxe4 Bb4+ 6. Bd2 Qxd4 7. Bxb4 Qxe4+
8. Be2 a5 9. Bc3 Ne7 10. Nf3 O-O 11. O-O f6 12. Qd2 c5 13. Bxa5 Qc6 14. Bc3 Qc7
15. Bd3 Nbc6 16. Qe3 b6 17. Nd2 e5 18. f4 Bf5 19. fxe5 fxe5 20. Bxf5 Nxf5 21.
Qe4 Nfd4 22. Nf3 Nxf3+ 23. Rxf3 Rxf3 24. Qxf3 Rd8 25. Qe4 Nd4 26. Re1 Qf7 27.
Qxe5 Qxc4 28. Bxd4 Qxd4+ 29. Qxd4 Rxd4 30. Re6 b5 31. Re5 Rd2 32. Rxc5 Rxb2
1/2-1/2

[Event "Olomouc Chess Summer 2017 - GM"]
[Site "Olomouc (CZE)"]
[Date "2017.08.14"]
[Round "4.3"]
[White "Yagupov 2395, Igor"]
[Black "Rosner 2405, Jonas"]
[Result "1-0"]
[WhiteElo "2395"]
[BlackElo "2405"]
[PlyCount "73"]
[EventDate "2017.??.??"]

1. e4 c6 2. d4 d5 3. e5 Bf5 4. g4 Be4 5. f3 Bg6 6. e6 Qd6 7. exf7+ Bxf7 8. Nh3
Nd7 9. Qe2 Qf6 10. Be3 e5 11. Nd2 exd4 12. Bxd4+ Qe7 13. Ng5 Ngf6 14. Nxf7 Kxf7
15. O-O-O Qxe2 16. Bxe2 Re8 17. Bf1 Bc5 18. Nb3 Bxd4 19. Nxd4 Nc5 20. c4 Rd8
21. g5 Nh5 22. cxd5 cxd5 23. Bh3 Nf4 24. Bf5 g6 25. Bc2 Rhe8 26. h4 Re3 27. Kd2
Rde8 28. Be4 R3xe4 29. fxe4 Rxe4 30. Kc2 Ng2 31. Rd2 Ne3+ 32. Kb1 Ke7 33. Nb5
Ke6 34. Re1 Nf5 35. Nc7+ Kd6 36. Rxd5+ Kc6 37. Rxc5+ 1-0

[Event "Olomouc Chess Summer 2017 - GM"]
[Site "Olomouc (CZE)"]
[Date "2017.08.14"]
[Round "4.4"]
[White "Saiyn 2381, Zhanat"]
[Black "Domogaev 2400, Sergey"]
[Result "1/2-1/2"]
[WhiteElo "2381"]
[BlackElo "2400"]
[PlyCount "177"]
[EventDate "2017.??.??"]

1. d4 Nf6 2. Nf3 e6 3. c4 d5 4. Nc3 Nbd7 5. Bf4 dxc4 6. e3 a6 7. a4 Bd6 8. Bxc4
Bxf4 9. exf4 O-O 10. O-O a5 11. Ne5 Nb6 12. Be2 c6 13. Bf3 Qd6 14. Qd3 Rd8 15.
Rfd1 Qb4 16. b3 Nbd5 17. Ne2 Bd7 18. Rdc1 Be8 19. g3 Qb6 20. Rc4 Ne7 21. Rb1
Nfd5 22. Be4 g6 23. Bg2 f6 24. Nf3 Bf7 25. h4 Nb4 26. Qd2 h5 27. Rbc1 Nf5 28.
Rc5 Rd7 29. Kh2 Rad8 30. Kg1 Na6 31. Qxa5 Qxb3 32. R5c3 Qb4 33. Qxb4 Nxb4 34.
Rb1 Nd5 35. Rcb3 Nd6 36. Nd2 Ra8 37. Ne4 Nxe4 38. Bxe4 Ra7 39. R3b2 Ne7 40. Bc2
Nf5 41. Rb4 Kf8 42. f3 Ke7 43. Kf2 Kd8 44. Rd1 Ne7 45. Nc3 Nd5 46. Nxd5 Rxd5
47. Bb3 Rda5 48. g4 b5 49. axb5 Rxb5 50. Rxb5 cxb5 51. Re1 Re7 52. g5 fxg5 53.
fxg5 b4 54. Re5 Rb7 55. Ke2 Kd7 56. Ra5 Kc6 57. Ba4+ Kd6 58. Ra6+ Ke7 59. Bc6
Rb8 60. Ra7+ Kd6 61. Ba4 Be8 62. Bxe8 Rxe8 63. Rb7 e5 64. Rxb4 exd4+ 65. Kd3
Re3+ 66. Kxd4 Rxf3 67. Rb6+ Ke7 68. Rxg6 Rf4+ 69. Ke5 Rxh4 70. Ra6 Rb4 71. Kf5
h4 72. Kg6 h3 73. Ra7+ Kf8 74. Ra8+ Ke7 75. Rh8 Rb3 76. Rh4 Rg3 77. Rh5 Ke6 78.
Kg7 Kf5 79. g6+ Kf4 80. Kf6 Kf3 81. g7 Rxg7 82. Kxg7 Kg2 83. Rg5+ Kf2 84. Rf5+
Kg2 85. Ra5 h2 86. Ra2+ Kg1 87. Ra1+ Kg2 88. Ra2+ Kg1 89. Ra1+ 1/2-1/2

[Event "Olomouc Chess Summer 2017 - GM"]
[Site "Olomouc (CZE)"]
[Date "2017.08.14"]
[Round "4.5"]
[White "Biolek-Jun. 2444, Richard"]
[Black "Cernousek 2447, Lukas"]
[Result "1/2-1/2"]
[WhiteElo "2444"]
[BlackElo "2447"]
[PlyCount "37"]
[EventDate "2017.??.??"]

1. e4 c6 2. d4 d5 3. e5 Bf5 4. h4 h5 5. Bd3 Bxd3 6. Qxd3 e6 7. Bg5 Qb6 8. Nd2
c5 9. c4 Qxb2 10. Rd1 Qxd4 11. Qb3 Qxe5+ 12. Ne2 Qc7 13. cxd5 exd5 14. Nc3 d4
15. Nd5 Qd7 16. O-O Be7 17. Rfe1 Nc6 18. Ne4 b6 19. Bxe7 1/2-1/2

[Event "Olomouc Chess Summer 2017 - GM"]
[Site "Olomouc (CZE)"]
[Date "2017.08.14"]
[Round "4.6"]
[White "Pulpan 2390, Jakub"]
[Black "Neuman 2457, Petr"]
[Result "1/2-1/2"]
[WhiteElo "2390"]
[BlackElo "2457"]
[PlyCount "22"]
[EventDate "2017.??.??"]

1. e4 c6 2. d4 d5 3. e5 Bf5 4. h4 h6 5. Bd3 Bxd3 6. Qxd3 e6 7. Nf3 Qa5+ 8. c3
Qa6 9. Qxa6 Nxa6 10. Ke2 h5 11. Bg5 Ne7 1/2-1/2